Komunálne financie časopis o ekonomike miest a obcí

Guardado en:
Detalles Bibliográficos
Formato: Seriadas
Lenguaje:eslovaco
Publicado: Bratislava SON MEDIA 2014
Materias:
Etiquetas: Agregar Etiqueta
Sin Etiquetas, Sea el primero en etiquetar este registro!

MARC

LEADER 00000nas2a2200000 4500
001 0252067
005 20190318101927.0
022 |a 1337-2459 
041 0 |a slo 
044 |a SK 
245 1 0 |a Komunálne financie  |b časopis o ekonomike miest a obcí 
264 1 |a Bratislava  |b SON MEDIA  |c 2014 
773 0 |w eu_un_cat*0113782 
610 2 0 |a správa miestna 
610 2 0 |a financie 
610 2 0 |a mestá 
610 2 0 |a obce 
610 2 0 |a ekonomika komunálna